<?xml version="1.0" encoding="UTF-8"?>
<collection xmlns="http://www.loc.gov/MARC21/slim">
 <record>
  <leader>01129nmm a22002171a 4500</leader>
  <controlfield tag="001">1/21563</controlfield>
  <controlfield tag="008">970717s19941995           ma           d</controlfield>
  <datafield tag="035" ind1=" " ind2=" ">
   <subfield code="l">22229</subfield>
  </datafield>
  <datafield tag="040" ind1=" " ind2=" ">
   <subfield code="a">GR-PeUP</subfield>
  </datafield>
  <datafield tag="082" ind1="0" ind2="0">
   <subfield code="a">CD-ROM 450.7 TR</subfield>
  </datafield>
  <datafield tag="090" ind1=" " ind2=" ">
   <subfield code="a">450.7 TR</subfield>
  </datafield>
  <datafield tag="245" ind1="0" ind2="0">
   <subfield code="a">Triple play plus Italian</subfield>
   <subfield code="h">[computer file]/</subfield>
   <subfield code="c">Syracuse Language Systems.</subfield>
  </datafield>
  <datafield tag="260" ind1=" " ind2=" ">
   <subfield code="a">New York :</subfield>
   <subfield code="b">Syracuse Language Systems, Inc.,</subfield>
   <subfield code="c">1994-1995</subfield>
  </datafield>
  <datafield tag="300" ind1=" " ind2=" ">
   <subfield code="a">1 computer optical disk :</subfield>
   <subfield code="b">col.;</subfield>
   <subfield code="c">4 3/4 in. + 1 user's quide, + 1 German dictionary</subfield>
  </datafield>
  <datafield tag="520" ind1=" " ind2=" ">
   <subfield code="a">Interactive games and conversations for language learning fun.</subfield>
  </datafield>
  <datafield tag="538" ind1=" " ind2=" ">
   <subfield code="a">System requirements: IBM PC or compatible PC; 386SX33 or higher microprocessor; Windows 3.1 or 95 operating system; 4MB of RAM(8 MB recommended); 6MB of hard drive space; SVGA 256-colors display; CD-ROM drive; Sound card; Speaker or headphones; Mouse; Microphone (connected to the sound card)</subfield>
  </datafield>
  <datafield tag="650" ind1=" " ind2="4">
   <subfield code="a">Italian language</subfield>
   <subfield code="x">Study and teaching</subfield>
   <subfield code="x">CD-ROMs.</subfield>
  </datafield>
  <datafield tag="650" ind1=" " ind2="4">
   <subfield code="a">Italian language</subfield>
   <subfield code="x">Self-instruction.</subfield>
  </datafield>
  <datafield tag="650" ind1=" " ind2="4">
   <subfield code="a">CD-ROMs.</subfield>
  </datafield>
  <datafield tag="710" ind1="2" ind2=" ">
   <subfield code="a">Syracuse Language Systems.</subfield>
  </datafield>
  <datafield tag="852" ind1=" " ind2=" ">
   <subfield code="a">INST</subfield>
   <subfield code="b">UNIPILB</subfield>
   <subfield code="c">REF</subfield>
   <subfield code="e">20040709</subfield>
   <subfield code="h">CD-ROM 450.7 TR</subfield>
   <subfield code="p">00133804</subfield>
   <subfield code="q">00133804</subfield>
   <subfield code="t">NOLOAN</subfield>
   <subfield code="y">23</subfield>
   <subfield code="4">1</subfield>
  </datafield>
 </record>
</collection>
